Joyas virreinales (Record no. 7222)

MARC details
000 -CABECERA
campo de control de longitud fija 00756nam a2200253 a 4500
001 - NÚMERO DE CONTROL
campo de control BRCA_7548
005 - FECHA Y HORA DE LA ÚLTIMA TRANSACCIÓN
campo de control 20190320205901.0
008 - DATOS DE LONGITUD FIJA--INFORMACIÓN GENERAL
campo de control de longitud fija 010613s1959----sp-a######---#000-0#spa-#
041 ## - CÓDIGO DE LENGUA
Código de lengua del texto/banda sonora o título independiente spa
044 ## - CÓDIGO DEL PAÍS DE LA ENTIDAD EDITORA/PRODUCTORA
Código MARC del país sp
050 #4 - SIGNATURA TOPOGRÁFICA DE LA BIBLIOTECA DEL CONGRESO
Número de clasificación NK7362
Número de documento/Ítem .V44 1 1959
100 1# - ENTRADA PRINCIPAL--NOMBRE DE PERSONA
Nombre de persona Vega, Pilar F. Vda. de Ferrandis
9 (RLIN) 18616
245 10 - MENCIÓN DE TÍTULO
Título Joyas virreinales
Mención de responsabilidad, etc. Pilar F. Vega Vda. de Ferrandis.
260 ## - PUBLICACIÓN, DISTRIBUCIÓN, ETC.
Lugar de publicación, distribución, etc. Madrid
Nombre del editor, distribuidor, etc. Estades
Fecha de publicación, distribución, etc. 1959
300 ## - DESCRIPCIÓN FÍSICA
Extensión 124 p.
Otras características físicas il., 37 láminas
Dimensiones 21 cm.
500 ## - NOTA GENERAL
Nota general Dedicatoria de la autora al señor Franz Mayer
500 ## - NOTA GENERAL
Nota general Ejemplar igual S89
500 ## - NOTA GENERAL
Nota general S24
650 14 - PUNTO DE ACCESO ADICIONAL DE MATERIA--TÉRMINO DE MATERIA
Término de materia o nombre geográfico como elemento de entrada Joyerìa
Subdivisión geográfica Nueva España
9 (RLIN) 18617
650 14 - PUNTO DE ACCESO ADICIONAL DE MATERIA--TÉRMINO DE MATERIA
Término de materia o nombre geográfico como elemento de entrada Metales preciosos
Subdivisión geográfica Nueva España
9 (RLIN) 18618
650 14 - PUNTO DE ACCESO ADICIONAL DE MATERIA--TÉRMINO DE MATERIA
Término de materia o nombre geográfico como elemento de entrada Arte hispánico
Subdivisión geográfica América
9 (RLIN) 18619
902 ## - CATALOGADOR
Iniciales GFM
942 ## - ELEMENTOS DE PUNTO DE ACCESO ADICIONAL (KOHA)
Fuente del sistema de clasificación o colocación Library of Congress Classification
Tipo de ítem Koha Libros
Holdings
Estado de retiro Estado de pérdida Estado dañado No para préstamo Localización permanente Ubicación/localización actual Fecha de adquisición Número de inventario Total de préstamos Signatura topográfica completa Código de barras Fecha visto por última vez Precio válido a partir de Tipo de ítem Koha
El ejemplar forma parte de la colección y puede ser consultado según las políticas vigentes.       Biblioteca del Museo Franz Mayer (Rogerio Casas-Alatriste) Biblioteca del Museo Franz Mayer (Rogerio Casas-Alatriste) 01/06/2013 S24   NK7362 .V44 1 1959 (S24) 8154 22/03/2019 22/03/2019 Libros